Tilastot visalle 15 maata joissa on eniten Covid-19-tapauksia 4. tammikuuta

Klikkaa tästä pelataksesi tätä visaa!

Yleistilastot

  • Tätä visaa on pelattu 3 kertaa
  • Keskiarvotulos 17 / 29

Vastaustilastot

maa% Oikein
Argentiina
100%
Brasilia
100%
Espanja
100%
Italia
100%
Kolumbia
100%
Meksiko
100%
Puola
100%
Ranska
100%
Ruotsi
100%
Saksa
100%
Turkki
100%
Venäjä
100%
Yhdistynyt
kuningaskunta
100%
Yhdysvallat
100%
Intia
67%
Iran
67%
Alankomaat
33%
Belgia
33%
Liettua
33%
Slovenia
33%
Tšekki
33%
Armenia
0%
Bahrain
0%
Georgia
0%
Israel
0%
Kroatia
0%
Panama
0%
Qatar
0%
Sveitsi
0%

Tulosjakauma

Persentiili vastausten määrän mukaan

Jokaisen tuloksen saaneiden osuus

Tuloshistoriasi

Et ole pelannut tätä visaa